000 02315cam a2200661 a 4500
001 20030
003 VRT
005 20260114143730.0
008 240314s2010 xo o g 000 0aslo
015 _aSNBA2011/06-03358
020 _a9788081140648
_q(viaz.)
035 _a095506C9-0DF5-425F-B25B-51F0AAD8CCCA
035 _aurn:nbn:sk:snk-amjgzi
035 _aurn:nbn:sk:snk-am002gjp
039 9 _a202403141500
_bVLOAD
_c202312071133
_dmsnk170
_c201808091524
_dVLOAD
_c201806081407
_dmsnk143
040 _aSVKBB
_bslo
_cSVKBB
_dSNK
_eAACR2
041 0 _aslo
_heng
043 _ae-xo---
044 _axo
_cSK
072 7 _a929
_xBiografie
_2konspekt
072 7 _a78
_xHudba
_2konspekt
080 _a929
_22001
080 _a316.72/.75
_22001
080 _a(437.6)
_22001
080 _a(0:82-94)
_22001
080 _a78.071.1/.2
_22001
080 _a792.021.071.1
_22001
080 _a316.72/.75-027.22
_22001
100 1 _aBerka, Tomáš,
_d1947-
_4aut
245 1 0 _aBlumentálske blues
_cTomáš Berka ; [fotografie Juraj Baroš ... [et al.]
250 _a1. vyd.
260 _aBratislava
_bMarenčin PT
_c2010
300 _a455 s.
_bfotogr.
_c20 cm
600 1 7 _aBerka, Tomáš,
_d1947-
_2SNKMA
610 2 7 _aFremata (hudobná skupina)
_2SNKKA
650 0 7 _ahudobníci
_2SNKPH
650 0 7 _aMusicians
_2SNKPHeng
650 0 7 _akultúra a spoločnosť
_2SNKPH
650 0 7 _ascénografi
_2SNKPH
650 0 7 _aSet designers
_2SNKPHeng
650 0 7 _aCulture and society
_2SNKPHeng
650 0 7 _akultúrny život
_2SNKPH
651 7 _aBratislava (Slovensko)
_2SNKPH
651 7 _aBratislava (Slovakia)
_2SNKPHeng
655 7 _aautobiografické spomienky
_2SNKPH
655 7 _aAutobiographical reminiscences
_2SNKPHeng
700 1 _aBartoš, Juraj,
_d1944-
_4pht
942 _2ddc
_cOLDO
_n0
949 _62889169409
_asavukM 112466
_bsavuk2011/528
949 _617A0695593
_asnkSC 144800
_bsnk2011/7458
_o776/11
949 _617A0695594
_asnkSC 144800 D1
_bsnk2011/7459
_o776/11
_s6100:20140925
949 _6270001000378667
_asvkbbA 130544
_bsvkbbm 716077
949 _6273K0528323
_asvkpoA 210147
_bsvkpo533738
949 _60133095694
_asnmk
_bsnmk95694
949 _6270001000377653
_asvkbbA 130544-a
_bsvkbbm 716342
980 _a78.071.1/.2
999 _c20030
_d20030